[Event "Oravska Priehrada op"]
[Site "Oravska Priehrada"]
[Date "2016.08.28"]
[Round "5"]
[White "Warchol, Bartosz"]
[Black "Stevlik, Richard"]
[Result "1-0"]
[WhiteElo "1719"]
[BlackElo "1506"]
[PlyCount "59"]
[EventDate "2016.08.26"]
[EventType "swiss"]
[EventRounds "7"]
[EventCountry "SVK"]
[SourceTitle "CBM 174 Extra"]
[Source "ChessBase"]
[SourceDate "2016.10.10"]
[SourceVersion "1"]
[SourceVersionDate "2016.10.10"]
[SourceQuality "1"]

1. d4 d5 2. c4 e6 3. Nf3 Nf6 4. g3 h6 5. Bg2 dxc4 6. Qa4+ Nc6 7. Qxc4 Bb4+ 8. Nc3 0-0 9. 0-0 Qd6 10. Bf4 Qd7 11. Rfd1 Bxc3 12. bxc3 Qe7 13. Rab1 Rd8 14. Ne1 Nd5 15. Bc1 Nb6 16. Qb3 Na5 17. Qc2 Nbc4 18. Nd3 c6 19. Rb4 Bd7 20. a4 a6 21. Qa2 b5 22. Bf4 Nb6 23. Bc7 Nbc4 24. Bxd8 Rxd8 25. Nc5 Be8 26. Nxa6 e5 27. e3 Rc8 28. Nc5 Nb7 29. Nxb7 Qxb7 30. axb5 1-0